000 00649nam a22002177a 4500
003 UA-OsUOA
001 45719
007 ta
008 20070510b un ||||| |||| 00| 0 ukr d
100 _aЛуценко В.
090 _a81
_bЛ-11
942 _cSA
040 _aUA-OsUOA
_bukr
_cUA-OsUOA
_dUA-OsUOA
245 _aОсновні поняття і категорії комунікативної стилістики тексту
300 _aС.45-49
955 _a0
041 _aukr
080 _a81
773 0 _w45718
650 7 _a8 Мовознавство. Художня література. Літературознавство
_2UDC
999 _c331815
_d331815